Normal view MARC view

Entry Nome pessoal

Number of records used in: 1

001 - NÚMERO DE CONTROLE

  • campo de controle: 543

003 - IDENTIFICADOR DO NÚMERO DE CONTROLE

  • campo de controle: Br

005 - DATA E HORÁRIO DA ÚLTIMA TRANSAÇÃO

  • campo de controle: 20250317114435.0

008 - CAMPO DE DADOS FIXOS

  • campo de controle de tamanho fixo: 101020|| acnnnaab| aaaa d

035 ## - NÚMERO DE CONTROLE DO SISTEMA

  • Número de Controle do Sistema: 101020714490852210

040 ## - FONTE DA CATALOGAÇÃO

  • Instituição da catalogação original: Br
  • Instituição que transcreveu o registro: Br

100 1# - CABEÇALHO--NOME PESSOAL

  • Nome pessoal: Frank, Milo O.,
  • Datas associadas ao nome: 1928-

670 ## - FONTE POSITIVA DOS DADOS

  • Citação da fonte positiva dos dados: Autor de: Como apresentar as suas idéias em 30 segundos ou menos. [1987?]

670 ## - FONTE POSITIVA DOS DADOS

  • Citação da fonte positiva dos dados: LC microf. n. 0034, 86/set.
  • Dados encontrados na fonte localizada no subcampo: (AACR2; d.n.)

670 ## - FONTE POSITIVA DOS DADOS

  • Citação da fonte positiva dos dados: Seu: Como apresentar assuas idéias...[1989?]
  • Dados encontrados na fonte localizada no subcampo: (p. [130] Milo Ogden Frank)

Powered by Koha